000 00567nam a22001817a 4500
005 20251108172537.0
008 250721s1999 xx 000 0 ara d
082 1 4 _a155.423/محم
100 1 _aمحمد، عادل عبدالله
245 1 0 _aدراسات في سيكولوجية نمو طفل الروضة /
264 1 _aالقاهرة :
_bدار الرشاد،
_c1999.
300 _a354ص.
650 1 7 _aعلم نفس الطفولة
650 1 7 _aالتعليم قبل المدرسة
650 1 7 _aنمو الطفل
942 _2ddc
_cBK
999 _c82112
_d82112